1755 1285 1540 1173 1728 1361 1710 1104 1000 1077 1607 1631 1560 1449 1081 1254 1382 1630 1844 1126 1790 1341 1357 1967 1678 1739 1061 1375 1395 1847 1180 1313 1641 1483 1747 1056 1096 1035 1844 1812 1046 1807 1920 1729 1005 1791 1676 1747 1046 1802 1840 1329 1256 1391 1366 1621 1753 1521 1609 1987 1825 1800 1880 1818 1777 1719 1477 1553 1413 1832 1146 1192 1880 1572 1963 1103 1334 1287 1450 1140 1724 1844 1908 1935 1340 1099 1219 1386 1004 1588 1515 1754 1594 1063 1146 1270 1063 1072 1510 BCNSPRNW ULIB Ver.6.0+V

เปลี่ยนเป็นภาษาไทย

Change to English
 แสดงรายละเอียดบรรณานุกรม
  กลับหน้าหลัก

Brief Record : Get Marc (ISO 2709) : E-mail record : QR code < ปิดหน้าต่าง
LEADER : 00000nam 2200000uu 4500
001    13399114366
003     ULIB
008    120326s2544||||th 000 0 tha d
020    ^a9746133748
060 04 ^aWA400^bม226ส ล.1-2 2544
100 0  ชัยยุทธ ชวลิตนิธิกุล
245 10 ^aสุขศาสตร์อุตสาหกรรมพื้นฐาน =^bFundamentals of industrial ล.2/^cชัยยุทธ ชวลิตนิธิกุล
246 31 ^aFundamentals of industrial hygiene
250    ^aพิมพ์ครั้งที่ 9
260    ^a[นนทบุรี] :^bสำนักพิมพ์มหาวิทยาลัยสุโขทัยธรรมาธิราช,^c2544
300    ^a2 ล. :^bภาพประกอบ ;^c30 ซม.
500    ^aเอกสารการสอนชุดวิชา 54104 หน่วยที่ 1-8, 9-15" -- หน้าปกใน
500    ^aสิ่งพิมพ์ของ มหาวิทยาลัยสุโขทัยธรรมาธิราช
500    ^aSend to Single Search
591    ^aLICL มีปี 2533
591    ^aLIAD มีปี 2544
650  4 ^aความปลอดภัยในงานอุตสาหกรรม
650  4 ^aเวชศาสตร์อุตสาหกรรม
650  4 ^aสุขศาสตร์อุตสาหกรรม
700 0  ^aชัยยุทธ ชวลิตนิธิกุล
710 2  ^aมหาวิทยาลัยสุโขทัยธรรมาธิราช. ^bสาขาวิชาวิทยาศาสตร์สุขภาพ
945    ^p0^l0^i10509
945    ^p0^l0^i10510
945    ^p0^l0^i10511
945    ^p0^l0^i10512
995    ^aกัณชพร
999 ^a ใช้งานได้ทุกระบบ
รายการนี้ยังไม่มีแท็ก
คุณยังไม่ได้ล็อกอิน คุณสามารถมีกิจกรรมร่วมกับเว็บไซต์ได้ แต่ต้องล็อกอินก่อน ::
  ล็อกอิน

รายการสื่อสารสนเทศ

ลำดับที่ ประเภท เลขเรียก/บาร์โค้ด สถานที่ สถานะ
- ไม่พบข้อมูล -

รายการใกล้เคียง
    ผู้แต่ง [ชัยยุทธ ชวลิตนิธิกุล]

    หัวเรื่อง [ความปลอดภัยในงานอุตสาหกรรม]
    หัวเรื่อง [เวชศาสตร์อุตสาหกรรม]
    หัวเรื่อง [สุขศาสตร์อุตสาหกรรม]

BibComment


ยังไม่เคยถูกคอมเมนท์

คอมเมนท์ทรัพยากรรายการนี้
  คอมเมนท์: สุขศาสตร์อุตสาหก..


 Copyright 2026. Bcnsprnw @Library